Piłkarska kariera Sławomira Peszko. - Statystyki

Ogólne statystyki
  • Ten quiz został rozwiązany 100 razy
  • Średni wynik to 8 z 13
Statystyki odpowiedzi
Lata Drużyna % Poprawnych
2015-2019 Lechia Gdańsk
91%
2019-2020 Lechia Gdańsk
91%
2019-2019 Wisła Kraków
84%
2008-2011 Lech Poznań
83%
2020-teraz Wieczysta Kraków
83%
2011-2012 Koln
67%
2013-2013 Koln
67%
2013-2014 Koln
67%
2014-2015 Koln
67%
2003-2008 Wisła Płock
36%
2012-2013 Wolves
27%
2013-2013 Parma
18%
2014-2014 Parma
18%
Nie znaleziono quizów pasujących do podanych kryteriów
Rozkład punktacji
Procent ludzi z każdym wynikiem
Percentyl według liczby udzielonych odpowiedzi
Twoja historia wyników
Nie rozwiązałeś tego quizu